Najmniejsze państwa Afryki - Statystyki

Ogólne statystyki
  • Ten quiz został rozwiązany 305 razy
  • Średni wynik to 8 z 10
Statystyki odpowiedzi
Miejsce Powierzchnia Państwo % Poprawnych
1 455 km² Seszele
89%
3 2045 km² Mauritius
87%
2 1001 km² Wyspy Świętego Tomasza i Książęca
86%
7 17 363 km² Eswatini
85%
5 4033 km² Republika Zielonego Przylądka
85%
4 2170 km² Komory
84%
8 23 200 km² Dżibuti
82%
9 26 338 km² Rwanda
80%
10 27 830 km² Burundi
76%
6 11 295 km² Gambia
73%
Nie znaleziono quizów pasujących do podanych kryteriów
Rozkład punktacji
Procent ludzi z każdym wynikiem
Percentyl według liczby udzielonych odpowiedzi
Twoja historia wyników
Nie rozwiązałeś tego quizu